000 00714nam a22002417a 4500
001 34027
003 UA-OsUOA
005 20230801225117.0
007 ta
008 20050920b un ||||| |||| 00| 0 ukr d
020 _a9660603177
040 _aUA-OsUOA
_bukr
_cUA-OsUOA
_dUA-OsUOA
041 _aukr
080 _a811.111
090 _a811.111
_bБ67
100 _aБичкова Н. І.
245 _aАнглійська мова. Комунікативний курс
_bпідручник
260 _aК.
_bЛибідь
_c2004
300 _a328 с.
650 7 _a8 Мовознавство. Художня література. Літературознавство
_2UDC
942 _cBK
_2udc
955 _a2
999 _c307773
_d307773